[Event "GER-chT U20 Girls"]
[Site "Magdeburg"]
[Date "2023.12.28"]
[Round "4.2"]
[White "Hallfarth, Luise"]
[Black "Milman, Sophie"]
[Result "1-0"]
[WhiteElo "1453"]
[BlackElo "1184"]
[PlyCount "133"]
[EventDate "2023.12.26"]
[EventType "team-swiss"]
[EventRounds "7"]
[EventCountry "GER"]
[SourceTitle "CB03_2024"]
[SourceDate "2024.01.17"]
[SourceVersion "1"]
[SourceVersionDate "2024.01.17"]
[SourceQuality "1"]
[WhiteTeam "Nordhorn Blanke"]
[BlackTeam "Offenbach"]
[WhiteTeamCountry "GER"]
[BlackTeamCountry "GER"]

1. e4 e5 2. d4 exd4 3. Qxd4 Nc6 4. Qe3 d6 5. Nc3 Nf6 6. h3 Be7 7. Bd2 a6 8. 0-0-0 Be6 9. f4 d5 10. exd5 Nxd5 11. Qf2 Bf6 12. f5 Nxc3 13. Bxc3 Bg5+ 14. Bd2 Qf6 15. Bd3 0-0-0 16. a3 Rhe8 17. Nf3 Bxd2+ 18. Nxd2 Ne5 19. Be4 Bd5 20. Bxd5 Rxd5 21. Ne4 Qc6 22. Rxd5 Qxd5 23. Nc3 Qc6 24. Rd1 Rd8 25. Rxd8+ Kxd8 26. Qd4+ Qd6 27. Qh4+ Ke8 28. Qxh7 Qh6+ 29. Qxh6 gxh6 30. Nd5 c6 31. Nf6+ Kf8 32. Ng4 Nxg4 33. hxg4 Kg7 34. Kd2 Kf6 35. Ke3 Kg5 36. Kf3 h5 37. gxh5 Kxh5 38. Kf4 f6 39. b3 a5 40. c4 b5 41. cxb5 cxb5 42. b4 a4 43. g3 Kh6 44. Kg4 Kg7 45. Kh5 Kh7 46. g4 Kg7 47. g5 fxg5 48. Kxg5 Kf7 49. Kf4 Kf6 50. Ke4 Ke7 51. Kd5 Kf6 52. Kc5 Kxf5 53. Kxb5 Ke6 54. Kc6 Ke7 55. Kc7 Ke6 56. b5 Kd5 57. b6 Kc4 58. b7 Kb3 59. b8Q+ Kxa3 60. Qh8 Kb3 61. Kc6 Ka2 62. Kc5 a3 63. Kb4 Kb1 64. Kxa3 Kc2 65. Qd4 Kc1 66. Kb3 Kb1 67. Qb2# 1-0

[Event "GER-ch U12 Girls"]
[Site "Willingen"]
[Date "2022.06.11"]
[Round "9"]
[White "Milman, Sophie"]
[Black "Zhou, Leyi Charlotte"]
[Result "0-1"]
[WhiteElo "1202"]
[BlackElo "1315"]
[PlyCount "118"]
[EventDate "2022.06.04"]
[EventType "swiss"]
[EventRounds "9"]
[EventCountry "GER"]
[SourceTitle "CBM 208 Extra"]
[Source "ChessBase"]
[SourceDate "2022.07.31"]
[SourceVersion "1"]
[SourceVersionDate "2022.07.31"]
[SourceQuality "1"]

1. e4 e5 2. Nf3 Nf6 3. Nc3 Bb4 4. d3 d5 5. exd5 Nxd5 6. Bd2 0-0 7. Be2 Nc6 8. 0-0 Nxc3 9. Bxc3 Bxc3 10. bxc3 Re8 11. Re1 Bf5 12. h3 h6 13. Bf1 Qd7 14. Qd2 Rad8 15. Rad1 Qe6 16. a3 Bg6 17. Qe2 Qe7 18. Kh1 Qxa3 19. c4 Qd6 20. Kg1 Kh8 21. Kh1 Qe7 22. Kg1 f5 23. Rb1 b6 24. Kh1 e4 25. dxe4 fxe4 26. Nd2 Qg5 27. Nb3 Bh5 28. Qe3 Qxe3 29. Rxe3 Nb4 30. Rc1 Rf8 31. Kg1 a5 32. Rc3 Na2 33. g4 Bxg4 34. hxg4 Nxc3 35. Re1 Rf4 36. Bh3 Rdf8 37. Rf1 Ne2+ 38. Kg2 e3 39. f3 Nc3 40. c5 e2 41. Re1 Rxf3 42. cxb6 Rf2+ 43. Kg1 cxb6 44. Nd4 a4 45. Ne6 R8f6 46. Nd4 a3 47. Nb3 a2 48. Bg2 Nb1 49. Na1 Nd2 50. Bh3 Rf1+ 51. Bxf1 Rxf1+ 52. Rxf1 exf1Q+ 53. Kh2 Qxa1 54. c4 Qe5+ 55. Kg2 Qe4+ 56. Kh2 Qxg4 57. c5 bxc5 58. Kh1 a1R+ 59. Kh2 Nf3# 0-1

[Event "GER-ch U12 Girls"]
[Site "Willingen"]
[Date "2022.06.09"]
[Round "7"]
[White "Milman, Sophie"]
[Black "Hoffmann, Svenja"]
[Result "0-1"]
[WhiteElo "1202"]
[BlackElo "1284"]
[PlyCount "70"]
[EventDate "2022.06.04"]
[EventType "swiss"]
[EventRounds "9"]
[EventCountry "GER"]
[SourceTitle "CBM 208 Extra"]
[Source "ChessBase"]
[SourceDate "2022.07.31"]
[SourceVersion "1"]
[SourceVersionDate "2022.07.31"]
[SourceQuality "1"]

1. e4 e5 2. Nf3 Nc6 3. d4 exd4 4. Nxd4 Qf6 5. c3 Qg6 6. f3 Bc5 7. Be3 Nge7 8. Nd2 0-0 9. N2b3 Bb6 10. Qc2 a5 11. a4 d6 12. Bd3 Ne5 13. 0-0 Be6 14. Rad1 N7c6 15. Kh1 Nxd3 16. Rxd3 Bc4 17. Nxc6 bxc6 18. Bxb6 Bxd3 19. Qxd3 cxb6 20. Rd1 d5 21. exd5 Qxd3 22. Rxd3 Rad8 23. c4 Rfe8 24. Rd1 cxd5 25. cxd5 Rxd5 26. Rc1 g6 27. h3 Rd3 28. Na1 Kg7 29. Kh2 Re2 30. b3 Rxf3 31. Rc6 Rff2 32. Rxb6 Rxg2+ 33. Kh1 Rg3 34. Rb5 Rd3 35. Rxa5 Rd1# 0-1

[Event "Heusenstamm Sparkassen op U14 7th"]
[Site "Heusenstamm"]
[Date "2021.11.20"]
[Round "3.13"]
[White "Carls, Bela"]
[Black "Milman, Sophie"]
[Result "1-0"]
[WhiteElo "955"]
[BlackElo "1202"]
[PlyCount "149"]
[EventDate "2021.11.19"]
[EventType "swiss"]
[EventRounds "7"]
[EventCountry "GER"]
[SourceTitle "EXT 2023"]
[Source "ChessBase"]
[SourceDate "2022.10.05"]
[SourceVersion "1"]
[SourceVersionDate "2022.10.05"]
[SourceQuality "1"]

1. d4 d5 2. c4 e6 3. Nc3 Nf6 4. Nf3 Be7 5. Bf4 c6 6. e3 Nbd7 7. Bd3 0-0 8. 0-0 Nb6 9. c5 Nc4 10. Qc2 b6 11. b3 Na5 12. b4 Nc4 13. Qb3 bxc5 14. bxc5 Ba6 15. Ne5 Nxe5 16. Bxa6 Qa5 17. Bxe5 Qxa6 18. Rab1 Ne4 19. Nxe4 dxe4 20. Qb7 Qxb7 21. Rxb7 Bg5 22. Bd6 Rfe8 23. Rfb1 f6 24. Rc7 Rec8 25. Rbb7 Rxc7 26. Rxc7 h6 27. Rxc6 f5 28. Rc7 Kh8 29. Rb7 a5 30. Rb8+ Rxb8 31. Bxb8 Kg8 32. c6 Bd8 33. c7 Bxc7 34. Bxc7 a4 35. a3 Kf8 36. Kf1 Ke7 37. Ke2 Kd7 38. Be5 g6 39. Kd2 Kc6 40. Kc3 Kb5 41. Bg7 h5 42. h4 Ka5 43. f4 exf3 44. gxf3 Kb5 45. e4 fxe4 46. fxe4 Ka5 47. Kc4 Kb6 48. Kb4 Ka7 49. Kxa4 Ka6 50. Kb4 Kb6 51. a4 Ka6 52. Kb3 Ka5 53. Ka3 Kb6 54. Kb4 Ka6 55. a5 Ka7 56. Kb5 Kb7 57. a6+ Ka7 58. Ka5 Kb8 59. d5 exd5 60. exd5 Kc7 61. d6+ Kc8 62. a7 Kb7 63. d7 Kc7 64. a8Q Kxd7 65. Qd5+ Ke7 66. Qc6 g5 67. hxg5 h4 68. Bf6+ Kf7 69. Qc7+ Kg6 70. Qh2 h3 71. Qxh3 Kf7 72. Kb5 Ke8 73. Qh7 Kf8 74. Qg7+ Ke8 75. Qe7# 1-0

[Event "GER-ch U12 Girls"]
[Site "Willingen"]
[Date "2021.08.26"]
[Round "5"]
[White "Milman, Sophie"]
[Black "Halas, Neele Zoe"]
[Result "0-1"]
[WhiteElo "1024"]
[BlackElo "1494"]
[PlyCount "154"]
[EventDate "2021.08.22"]
[EventType "swiss"]
[EventRounds "9"]
[EventCountry "GER"]
[SourceTitle "EXT 2022"]
[Source "ChessBase"]
[SourceDate "2021.10.06"]
[SourceVersion "1"]
[SourceVersionDate "2021.10.06"]
[SourceQuality "1"]

1. e4 e5 2. Nf3 Nc6 3. d4 exd4 4. Nxd4 Bc5 5. Be3 Qf6 6. c3 Nge7 7. Bc4 0-0 8. 0-0 Qg6 9. f3 Bxd4 10. Bxd4 Nxd4 11. Qxd4 Qb6 12. Qxb6 axb6 13. Nd2 Nc6 14. f4 d6 15. Nf3 Bd7 16. Nd4 Rfe8 17. Rfe1 Re7 18. Re3 Nxd4 19. cxd4 Kf8 20. Rae1 Ra4 21. b3 Rxa2 22. e5 b5 23. Bd3 dxe5 24. Rxe5 Rxe5 25. Rxe5 c6 26. Bxh7 g6 27. Kf1 Be6 28. Bxg6 Bxb3 29. Bh5 Bd5 30. Re2 Bc4 31. Kf2 Bxe2 32. Bxe2 Ke7 33. Ke3 Ke6 34. Kd3 Ra3+ 35. Kd2 Kd5 36. h4 Kxd4 37. h5 Ra2+ 38. Kd1 Kc3 39. Bf3 b4 40. h6 b3 41. h7 Ra8 42. Be4 b2 43. g4 Rd8+ 44. Ke2 Kd4 45. Kf3 c5 46. g5 Rh8 47. f5 Ke5 48. g6 fxg6 49. fxg6 Kf6 50. Ke3 Kg7 51. Kd2 Rd8+ 52. Kc2 Rd4 53. Bf5 Rb4 54. Kb1 c4 55. Be4 c3 56. Bf5 Rc4 57. Bd3 Rc5 58. Be4 b5 59. Kc2 Re5 60. Bd3 Re1 61. Kxc3 b1Q 62. Bxb1 Rxb1 63. Kc2 Rb4 64. Kc3 Rc4+ 65. Kb3 Rc8 66. Kb4 Rb8 67. Ka3 Kxg6 68. h8Q Rxh8 69. Kb4 Rc8 70. Kxb5 Kf6 71. Kb4 Ke5 72. Kb3 Kd4 73. Kb2 Kd3 74. Kb1 Rc2 75. Ka1 Kc3 76. Kb1 Kb3 77. Ka1 Rc1# 0-1

[Event "Heusenstamm Sparkassen op U14 6th"]
[Site "Heusenstamm"]
[Date "2019.11.23"]
[Round "2"]
[White "Milman, Sophie"]
[Black "Kanno, Gabriel Felix"]
[Result "1-0"]
[WhiteElo "917"]
[BlackElo "726"]
[PlyCount "139"]
[EventDate "2019.11.21"]
[EventType "swiss"]
[EventRounds "7"]
[EventCountry "GER"]
[SourceTitle "CBM 194 Extra"]
[Source "ChessBase"]
[SourceDate "2020.03.31"]
[SourceVersion "1"]
[SourceVersionDate "2020.03.31"]
[SourceQuality "1"]

1. e4 e5 2. Nf3 Nc6 3. Nc3 Bc5 4. Bc4 Nf6 5. d3 d6 6. Bg5 h6 7. Bh4 0-0 8. 0-0 Bg4 9. h3 Bh5 10. Nd5 g5 11. Bg3 Nd4 12. h4 Bxf3 13. gxf3 Qd7 14. Nxf6+ Kg7 15. Nxd7 Rfd8 16. Nxc5 dxc5 17. Bxe5+ Kg8 18. Qd2 Nxf3+ 19. Kg2 Nxd2 20. Rfd1 Nxc4 21. dxc4 Rxd1 22. Rxd1 Re8 23. Bxc7 Rxe4 24. Rd8+ Kg7 25. hxg5 hxg5 26. b3 Rg4+ 27. Kf3 Rg1 28. Be5+ f6 29. Rd7+ Kg6 30. Bh2 g4+ 31. Ke2 Rg2 32. Bg3 f5 33. Rxb7 Kg5 34. Ke3 Rg1 35. Rxa7 Rc1 36. a4 Rxc2 37. a5 Rb2 38. Rb7 Ra2 39. Rb5 Ra3 40. Bf4+ Kf6 41. Kd3 Ke7 42. Rb7+ Kd8 43. Ra7 Rxb3+ 44. Kc2 Ra3 45. a6 Kc8 46. Ra8+ Kd7 47. a7 Kc6 48. Rc8+ Kb7 49. a8Q+ Rxa8 50. Rxa8 Kxa8 51. Kb3 Kb7 52. Ka4 Kc6 53. Ka5 Kb7 54. Kb5 Kc8 55. Kxc5 Kd7 56. Kd5 Kc8 57. c5 Kb7 58. c6+ Kc8 59. Kd6 Kb8 60. c7+ Kc8 61. Ke7 Kb7 62. Kd8 Kc6 63. c8Q+ Kd5 64. Qxf5+ Kd4 65. Qe5+ Kc4 66. Kc7 Kb4 67. Kc6 Ka4 68. Qb5+ Ka3 69. Bc1+ Ka2 70. Qb2# 1-0

[Event "Bad Soden U10 op"]
[Site "Bad Soden"]
[Date "2019.10.04"]
[Round "4"]
[White "Tabola, Lennard"]
[Black "Milman, Sophie"]
[Result "0-1"]
[WhiteElo "796"]
[BlackElo "929"]
[PlyCount "60"]
[EventDate "2019.10.03"]
[EventType "swiss"]
[EventRounds "9"]
[EventCountry "GER"]
[SourceTitle "CBM 192 Extra"]
[Source "Chessbase"]
[SourceDate "2019.11.06"]
[SourceVersion "1"]
[SourceVersionDate "2019.11.06"]
[SourceQuality "1"]

1. d4 d5 2. Bf4 Nc6 3. e3 Nf6 4. Bb5 Bf5 5. Nc3 e6 6. a3 a6 7. Bxc6+ bxc6 8. Na4 Qb8 9. Rb1 Be7 10. Nc5 Bxc5 11. dxc5 Qb5 12. b4 Qa4 13. Ra1 Bxc2 14. Qf3 Qb3 15. Be5 Qc4 16. Bxf6 gxf6 17. Qxf6 Rg8 18. Nf3 Rb8 19. Nd2 Qd3 20. Qh4 Rxg2 21. Qxh7 Qxh7 22. Kf1 Qg6 23. Nf3 Bd3+ 24. Ke1 Qf6 25. Kd2 Bc4 26. Rhg1 Qb2+ 27. Kd1 Rxg1+ 28. Nxg1 Qxa1+ 29. Kd2 Qb2+ 30. Ke1 Qc1# 0-1

[Event "Heusenstamm Sparkassen op U14 5th"]
[Site "Heusenstamm"]
[Date "2018.11.23"]
[Round "1"]
[White "Milman, Sophie"]
[Black "Bangiev, Katharina"]
[Result "0-1"]
[WhiteElo "704"]
[BlackElo "1003"]
[PlyCount "82"]
[EventDate "2018.11.23"]
[EventType "swiss"]
[EventRounds "7"]
[EventCountry "GER"]
[SourceTitle "CBM 188 Extra"]
[Source "ChessBase"]
[SourceDate "2019.02.26"]
[SourceVersion "1"]
[SourceVersionDate "2019.02.26"]
[SourceQuality "1"]

1. e4 d6 2. Nf3 Nf6 3. Nc3 g6 4. Bc4 Bg7 5. 0-0 0-0 6. d3 Nc6 7. Bg5 Re8 8. Qd2 Bg4 9. Nh4 Qd7 10. Bh6 Bh3 11. Bxg7 Kxg7 12. Nd5 Nxd5 13. Bxd5 Bxg2 14. Qc3+ e5 15. Nxg2 Nd4 16. Bxb7 Ne2+ 17. Kh1 Nxc3 18. bxc3 Rab8 19. Rab1 c6 20. Ba6 Rxb1 21. Rxb1 d5 22. Rb7 Qd6 23. Rxa7 dxe4 24. Ne1 exd3 25. cxd3 Rb8 26. Rb7 Rxb7 27. Bxb7 Qd5+ 28. Kg1 Qxa2 29. Bxc6 Qa1 30. Kf1 Qxc3 31. Bf3 Qd4 32. Nc2 Qxd3+ 33. Be2 Qxc2 34. Ke1 f5 35. Bd1 Qc3+ 36. Kf1 e4 37. Ke2 f4 38. Kf1 f3 39. h4 Qd2 40. Ba4 Qc1+ 41. Bd1 Qxd1# 0-1